[Event "CHN-chT"]
[Site "Daqing"]
[Date "2019.06.20"]
[Round "2.4"]
[White "Liu, Guanchu"]
[Black "Zhao, Chenxi"]
[Result "1-0"]
[WhiteElo "2462"]
[BlackElo "2383"]
[PlyCount "55"]
[EventDate "2019.06.19"]
[EventType "team-swiss"]
[EventRounds "9"]
[EventCountry "CHN"]
[SourceTitle "CBM 191 Extra"]
[Source "ChessBase"]
[SourceDate "2019.09.30"]
[SourceVersion "1"]
[SourceVersionDate "2019.09.30"]
[SourceQuality "1"]
[WhiteTeam "Chengdu"]
[BlackTeam "Guangdong"]
[WhiteTeamCountry "CHN"]
[BlackTeamCountry "CHN"]

1. e4 b6 2. d4 Bb7 3. Nc3 e6 4. Bd3 Nf6 5. Nge2 d5 6. e5 Nfd7 7. Nf4 g6 8. Qg4 Qe7 9. Nb5 Na6 10. c3 Bg7 11. b3 h5 12. Qg3 Nf8 13. h4 Qd7 14. 0-0 Nb8 15. a4 a6 16. Na3 Nc6 17. Nc2 Ne7 18. a5 Bh6 19. Re1 Nc6 20. axb6 cxb6 21. Ba3 Na5 22. Rab1 Rc8 23. Bb4 Nc6 24. Bd6 Na5 25. Re3 Nh7 26. Rf3 Bf8 27. Nxg6 Rg8 28. Nxf8 1-0

[Event "Budapest FS06 GM"]
[Site "Budapest"]
[Date "2019.06.11"]
[Round "9"]
[White "Liu, Guanchu"]
[Black "Berczes, David"]
[Result "0-1"]
[WhiteElo "2462"]
[BlackElo "2477"]
[PlyCount "60"]
[EventDate "2019.06.01"]
[EventType "tourn"]
[EventRounds "9"]
[EventCountry "HUN"]
[SourceTitle "CBM 190 Extra"]
[Source "ChessBase"]
[SourceDate "2019.07.15"]
[SourceVersion "1"]
[SourceVersionDate "2019.07.15"]
[SourceQuality "1"]

1. e4 e6 2. d4 d5 3. e5 c5 4. c3 Nc6 5. Nf3 Qb6 6. a3 Nh6 7. b4 cxd4 8. cxd4 Nf5 9. Be3 f6 10. exf6 gxf6 11. Bd3 Nxe3 12. fxe3 e5 13. Nc3 Be6 14. Na4 Qd8 15. Nh4 f5 16. g3 Qg5 17. dxe5 Qxe3+ 18. Qe2 Qxe2+ 19. Kxe2 Nxe5 20. Bxf5 Bf7 21. Rac1 Bh6 22. Rc7 0-0 23. Re1 Rae8 24. Kd1 d4 25. Kc2 d3+ 26. Kb1 d2 27. Rh1 Nc4 28. Rd1 Nxa3+ 29. Kb2 Nc4+ 30. Kc3 Bg7+ 0-1

[Event "Budapest FS06 GM"]
[Site "Budapest"]
[Date "2019.06.07"]
[Round "6"]
[White "Galyas, Miklos"]
[Black "Liu, Guanchu"]
[Result "1-0"]
[WhiteElo "2473"]
[BlackElo "2462"]
[PlyCount "61"]
[EventDate "2019.06.01"]
[EventType "tourn"]
[EventRounds "9"]
[EventCountry "HUN"]
[SourceTitle "CBM 190 Extra"]
[Source "ChessBase"]
[SourceDate "2019.07.15"]
[SourceVersion "1"]
[SourceVersionDate "2019.07.15"]
[SourceQuality "1"]

1. d4 e6 2. Bf4 Nf6 3. e3 c5 4. Nf3 Nc6 5. Nbd2 d5 6. c3 cxd4 7. exd4 Nh5 8. Be3 Bd6 9. Ne5 g6 10. Nd3 f6 11. g4 Ng7 12. Bg2 h5 13. h3 Bd7 14. Nc5 Qc7 15. Nxd7 Kxd7 16. Qe2 hxg4 17. hxg4 Rxh1+ 18. Bxh1 Rh8 19. 0-0-0 Bf4 20. Kb1 Kc8 21. c4 dxc4 22. Nxc4 Bxe3 23. Qxe3 Kb8 24. Rc1 g5 25. Nd2 Rc8 26. Bxc6 bxc6 27. Ne4 Qe7 28. Qb3+ Ka8 29. Qa4 f5 30. Rxc6 Rd8 31. Nc5 1-0

[Event "CHN-chT"]
[Site "China"]
[Date "2019.04.10"]
[Round "2.3"]
[White "Vidit, Santosh Gujrathi"]
[Black "Liu, Guanchu"]
[Result "1-0"]
[WhiteElo "2717"]
[BlackElo "2466"]
[PlyCount "77"]
[EventDate "2019.04.09"]
[EventType "team-tourn"]
[EventRounds "22"]
[EventCountry "CHN"]
[SourceTitle "CBM 189 Extra"]
[Source "ChessBase"]
[SourceDate "2019.06.03"]
[SourceVersion "1"]
[SourceVersionDate "2019.06.03"]
[SourceQuality "1"]
[WhiteTeam "Shanghai China Mobil"]
[BlackTeam "Chengdu Beilei Youth"]
[WhiteTeamCountry "CHN"]
[BlackTeamCountry "CHN"]

1. d4 Nf6 2. c4 e6 3. Nc3 Bb4 4. e3 b6 5. Nge2 Ba6 6. a3 Be7 7. Nf4 d5 8. cxd5 Bxf1 9. Kxf1 Nxd5 10. Ncxd5 exd5 11. Bd2 0-0 12. g3 c6 13. Rc1 Bd6 14. Bb4 a5 15. Bxd6 Qxd6 16. Qa4 Rc8 17. Kg2 Nd7 18. Rc3 b5 19. Qc2 Nb6 20. Rc1 Nc4 21. a4 bxa4 22. Qxa4 Nxb2 23. Rxc6 Rxc6 24. Qxc6 Qxc6 25. Rxc6 a4 26. Nxd5 a3 27. Nb4 f5 28. Na2 Rb8 29. d5 Rb5 30. d6 Kf7 31. Rc3 Ra5 32. Rc7+ Ke6 33. Rxg7 Kxd6 34. Rxh7 Nc4 35. Rh4 Ne5 36. Rd4+ Ke6 37. e4 Rb5 38. exf5+ Kxf5 39. Ra4 1-0

[Event "Ho Chi Minh City HD Bank op 9th"]
[Site "Ho Chi Minh City"]
[Date "2019.03.10"]
[Round "6"]
[White "Kulkarni, Rakesh"]
[Black "Liu, Guanchu"]
[Result "0-1"]
[WhiteElo "2298"]
[BlackElo "2445"]
[PlyCount "62"]
[EventDate "2019.03.07"]
[EventType "swiss"]
[EventRounds "9"]
[EventCountry "VIE"]
[SourceTitle "CBM 189 Extra"]
[Source "ChessBase"]
[SourceDate "2019.06.03"]
[SourceVersion "1"]
[SourceVersionDate "2019.06.03"]
[SourceQuality "1"]

1. e4 e6 2. d4 d5 3. Nc3 Nf6 4. e5 Nfd7 5. Nce2 c5 6. c3 Nc6 7. Nf3 Qb6 8. a3 cxd4 9. cxd4 f6 10. Nf4 fxe5 11. Nxe6 Nf6 12. dxe5 Bxe6 13. exf6 0-0-0 14. Bd3 gxf6 15. 0-0 Bd6 16. Re1 Bg4 17. h3 Bd7 18. Qc2 Kb8 19. Bf5 Ne5 20. Nh4 d4 21. Bxd7 Rxd7 22. Bf4 d3 23. Qa4 Rhd8 24. Nf5 Bc5 25. Rf1 d2 26. Rad1 Qxb2 27. Rb1 Qxa3 28. Qe4 d1Q 29. Bxe5+ fxe5 30. Rfxd1 Rxd1+ 31. Kh2 Rxb1 0-1

[Event "Ho Chi Minh City HD Bank op 9th"]
[Site "Ho Chi Minh City"]
[Date "2019.03.10"]
[Round "5"]
[White "Liu, Guanchu"]
[Black "Le, Minh Hoang"]
[Result "1-0"]
[WhiteElo "2445"]
[BlackElo "2299"]
[PlyCount "97"]
[EventDate "2019.03.07"]
[EventType "swiss"]
[EventRounds "9"]
[EventCountry "VIE"]
[SourceTitle "CBM 189 Extra"]
[Source "ChessBase"]
[SourceDate "2019.06.03"]
[SourceVersion "1"]
[SourceVersionDate "2019.06.03"]
[SourceQuality "1"]

1. e4 c6 2. d4 d5 3. e5 Bf5 4. Nf3 e6 5. Be2 Ne7 6. 0-0 Nd7 7. Nbd2 c5 8. c4 Nc6 9. cxd5 exd5 10. dxc5 Nxc5 11. Nb3 Be7 12. Be3 Ne6 13. Nfd4 Nexd4 14. Nxd4 Nxd4 15. Qxd4 0-0 16. Rad1 Qc7 17. Qxd5 Rfd8 18. Rc1 Qb8 19. Qa5 Be4 20. Qc7 Qxc7 21. Rxc7 Kf8 22. Rfc1 Bc6 23. Bf3 Bxf3 24. gxf3 b6 25. f4 Ke8 26. Rb7 Rd7 27. Rcc7 Rxc7 28. Rxc7 g6 29. b3 a5 30. Bxb6 a4 31. Ra7 Rxa7 32. Bxa7 axb3 33. axb3 Kd7 34. Kf1 Kc6 35. Ke2 Kd5 36. Kd3 Bb4 37. Ke3 Ba3 38. Kd3 Bb4 39. Be3 Be1 40. f3 Bb4 41. Bd2 Bc5 42. b4 Be7 43. h3 h6 44. Be1 Bd8 45. Bf2 Be7 46. b5 Bc5 47. Bxc5 Kxc5 48. Ke4 Kxb5 49. Kd5 1-0